• Verdi Giuseppe

di Personal Name

Records bibliografici associati: 1

001 - CONTROL NUMBER

  • control field: 20634

003 - CONTROL NUMBER IDENTIFIER

  • control field: IT-RoPau

005 - DATE AND TIME OF LATEST TRANSACTION

  • control field: 20140413120349.0

008 - FIXED-LENGTH DATA ELEMENTS

  • fixed length control field: 140413|| aca||aabn | a|a d

040 ## - CATALOGING SOURCE

  • Original cataloging agency: IT-RoPau
  • Transcribing agency: IT-RoPau

100 ## - HEADING--PERSONAL NAME

  • Personal name: Verdi Giuseppe
  • Dates associated with a name: Codice autore musica SPICS: 89
  • Relator term: Autore musica
  • Name of part/section of a work: Va pensiero... (da "Nabucco") - Coro dei gitani (da "Il Trovatore") - Zitti, zitti... (da "Rigoletto") - Dove guardi splendono raggi (da "Otello")

670 ## - SOURCE DATA FOUND

  • Source citation: Work cat.: (IT-RoPau)99564: AA.VV. 794, Cori celebri, vol. 05
CREDITS: SOCIETA' SAN PAOLO Via A.Severo, 58 - ROMA (RM) & PERIODICI SAN PAOLO SRL Via Giotto, 36 MILANO & CISF Via Giotto, 36 MILANO & EDIZIONI SAN PAOLO SRL,  Piazza Soncino, 5 CINISELLO BALSAMO (MI) -- ITALY